Chaîne de mots géographiques -Lettre A - Statistiques

Statistiques générales
  • Ce quiz a été pris 319 fois
  • Le résultat moyen est 7 sur 20
Statistiques - réponses
Question Réponse % Correct
État américain entre Mississippi et Géorgie Alabama
89%
Capitale de la Turquie Ankara
82%
Ville américaine ayant eu un attentat à la bombe pendant ses JO en 1996 Atlanta
66%
Capitale de l'Éthiopie Addis-Abeba
61%
Archipel des Antilles ayant pour capitale Saint John's Antigua-et-Barbuda
59%
Bâtiment à architecture médiévale surplombant Grenade Alhambra
43%
Bière, modèle d'Opel, ou ville de l'Argentine et de la Lettonie Astra
41%
Province Canadienne avec Edmonton et Calgary Alberta
38%
Grand désert de ce même pays Atacama
38%
Nord de la Namibie, Au sud de la République démocratique du Congo Angola
36%
Capitale de l'Érythrée Asmara
36%
Capitale des Samoa Apia
28%
Grand sommet de l'Argentine surnommé "le Colosse de l'Amérique Aconcagua
22%
Ville du sud de l'Espagne en Andalousie, la mer d'Alboran si étant jusqu'à Gibraltar Almeria
19%
Si Sainte, elle est située en Californie Ana
19%
Ville d'Italie nommé comme une marque de moto Aprilia
11%
Deuxième plus grande ville du Pérou après Lima Aréquipa
7%
Grande ville du Nord du Chili Arica
5%
1er mot composant l'état indien finissant par Pradesh Andhra
4%
3ème préfecture la plus au nord du Japon avec sa capitale au même nom Akita
3%
Aucun quiz correspondant
Distribution des résultats
% des personnes avec chaque résultat
Percentile par nombre de réponses
Votre historique - résultats
Vous n’avez pas pris ce quiz